| 000 | 00606nam a2200205 u 4500 | ||
|---|---|---|---|
| 005 | 20240228063610.0 | ||
| 008 | 100128s2005 es r 000 0 spa d | ||
| 020 | _a8466745793 | ||
| 035 | _aUPN01000174369 | ||
| 049 | _aI | ||
| 050 | 4 |
_aPZ26.3 _bS6.3 |
|
| 100 | 1 |
_aSolotareff, Grégoire, _d1953- _930172 |
|
| 245 | 1 | 0 |
_aCuentos de primavera / _cGrégoire Solotareff ; tr. Olga Escobar. |
| 260 |
_aMadrid : _bAnaya, _c2005. |
||
| 300 |
_a260 p. : _bil. |
||
| 534 |
_pTítulo original: _tContes de printemps |
||
| 650 | 4 |
_aLiteratura infantil francesa _913687 |
|
| 905 | _aInfantil | ||
| 999 |
_c146473 _d146473 |
||